000 00297nam a22000977a 4500
008 150728b xxu||||| |||| 00| 0 eng d
010 _8HCCRS ARF:040
245 _aHIGH COURT CRIMINAL SESSION NO.244 OF 1991 Uganda Vs Kayongo John
260 _aHigh Court Kampala
500 _3BEFORE: Judge Sgd.M.Kireju
999 _c8271
_d8271